| 000 | 00461nam a22001577a 4500 | ||
|---|---|---|---|
| 005 | 20140311162958.0 | ||
| 008 | 130222t xxu||||| |||| 00| 0 eng d | ||
| 020 | _a978-9-71923332-9 | ||
| 050 |
_aHF 5415 _b.Sa235 2006 |
||
| 245 |
_aThe Management of marketing public relations / _cSantiago, Lucas E. |
||
| 260 |
_aMakati City : _bInterlink Public Relations, _c2006. |
||
| 300 |
_a121 p. : _c223 cm. |
||
| 521 | _aMC | ||
| 942 |
_2lcc _cBK _kLOC |
||
| 999 |
_c39113 _d39113 |
||